Statistics for 15 Most Expensive Soccer Players Of All Time

Click here to take the quiz!

General Stats

  • This quiz has been taken 141 times
  • The average score is 11 of 15

Answer Stats

TransferfeePlayerFromTo% Correct
1€222,000,000Neymar Jr.FC BarcelonaParis Saint Germain
99%
2€135,000,000Kylian MbappéAS MonacoParis Saint Germain
98%
6€100,000,000Cristiano RonaldoReal Madrid CFJuventus
95%
8€94,000,000Cristiano RonaldoManchester UnitedReal Madrid CF
95%
6€100,000,000Gareth BaleTottenham HotspurReal Madrid CF
87%
4€105,000,000Paul PogbaJuventusManchester United
85%
3€120,000,000Philippe CoutinhoLiverpool FCFC Barcelona
84%
4€105,000,000Ousmane DembéléBorussia DortmundFC Barcelona
79%
11€84,500,000Virgil van DijkSouthamptonLiverpool FC
73%
12€82,300,000Luis SuárezLiverpool FCFC Barcelona
69%
9€90,000,000Gonzalo HiguaìnNapoliJuventus
66%
10€85,000,000Romelu LukakuEvertonManchester United
60%
13€80,000,000Kepa ArrizabalagaAthletic BilbaoChelsea FC
56%
14€77,500,000Zinedine ZidaneJuventusReal Madrid CF
52%
15€76,000,000James RodríguezAS MonacoReal Madrid CF
41%

Score Distribution

Percentile by Number Answered

Percent of People with Each Score

Your Score History

You have not taken this quiz